Động đất /

保存先:
書誌詳細
第一著者: Gyorgy, Spiro.
フォーマット: 論文
言語:Vietnamese
主題:
タグ: タグ追加
タグなし, このレコードへの初めてのタグを付けませんか!
Thư viện lưu trữ: Thư viện Trường Đại học Đà Lạt
LEADER 00696nam a2200265 4500
001 DLU120001257
005 ##20121127
040 # # |a DLU  |b vie 
041 # # |a vie 
044 # # |a vn 
100 # # |a Gyorgy, Spiro. 
245 # # |a Động đất /  |c Spiro Gyorgy. 
653 # # |a Kinh doanh 
653 # # |a Sinh tử 
653 # # |a Tâm lí xã hội 
773 # # |t Văn học nước ngoài  |g Số 8(92), 2010, tr. 55-60 
920 # # |a Phòng Tạp chí -- Trung tâm Thông tin - Thư viện Trường Đại học Đà Lạt 
994 # # |a DLU 
900 # # |a True 
911 # # |a Nguyễn Thị Linh Chi 
925 # # |a G 
926 # # |a A 
927 # # |a BB 
980 # # |a Thư viện Trường Đại học Đà Lạt